Jak řídit pracovní porady /

Guardado en:
Detalles Bibliográficos
Autor principal: Kemp, Jana M (Autor)
Formato: Libro
Lenguaje:checo
Publicado: Praha : Grada, 1996
Edición:, prel.z angl.orig.
Etiquetas: Agregar Etiqueta
Sin Etiquetas, Sea el primero en etiquetar este registro!

MARC

LEADER 00000nam a22000003a 4500
001 stu30608
005 20150617225734.5
008 980121s1996----cs------------------cze-d
020 |a 80-7169-316-2 
040 |a STU  |b slo 
041 0 |a cze 
044 |a cs 
080 |a 159.9 
100 1 |a Kemp, Jana M  |4 aut 
245 1 |a Jak řídit pracovní porady /  |c [aut]Kemp,Jana M 
250 |a , prel.z angl.orig. 
260 |a Praha :  |b Grada,  |c 1996 
300 |a 105 s 
996 |b 284V027477  |c V*45192/O-19779  |l VVT  |s A  |a 24  |w stu30608_0001